| 000 | 00794nam a2200229 a 4500 | ||
|---|---|---|---|
| 005 | 20210223133722.0 | ||
| 008 | 190115s2017 mx r 000 0 spa d | ||
| 020 | _a9788484899754 (Iberoamericana) | ||
| 020 | _a9783954875115 ( Vervuert) | ||
| 035 | _aUPN01000228372 | ||
| 049 | _aCG | ||
| 050 | 4 |
_aPC4271 _bG6.9 |
|
| 100 | 1 |
_aGorp, Lise van _942441 |
|
| 245 | 1 | 4 |
_aLos verbos pseudo-copulativos de cambio en español : _bestudio semántico-conceptual de hacerse, volverse, ponerse, quedarse / _cLise van Gorp. |
| 260 |
_aMadrid : _bIberoamericana : _bVevuert, _cc2017. |
||
| 300 |
_a438 p. : _bil., tablas, gráfs. |
||
| 440 | 0 |
_aLingüística iberoamericana ; _v62 |
|
| 650 | 4 |
_aESPAÑOL - _xVERBO _916131 |
|
| 650 | 4 |
_aESPAÑOL - _xSEMANTICA _915641 |
|
| 905 | _aLibro | ||
| 999 |
_c200467 _d200467 |
||